| 000 | 00769nam a2200241 i 4500 | ||
|---|---|---|---|
| 001 | bgj | ||
| 100 | 1 | _aSCHUPPENHAUER, Claus. | |
| 245 | 1 | 0 |
_aDer Kampf um dem Reim : _bin der deutschen Literatur des 18. Jahrhunderts / _cvon Claus Schuppenhauer. |
| 260 |
_aBonn : _bH. Bouvier und Co. Verlag, _c1970. |
||
| 300 |
_a417 s. ; _c23 cm. |
||
| 490 | 1 |
_aAbhandlungen zur Kunst-, Musik- und Literaturwissenchaft _vBd. 91 |
|
| 504 | _aBibliogr. s. 389-411. Indeks. | ||
| 650 | 9 | _aLiteratura niemiecka | |
| 830 | _aAbhandlungen zur Kunst-, Musik- und Literaturwissenchaft | ||
| 020 | _a3416006542 | ||
| 040 | _cBPK | ||
| 041 | 0 | _ager | |
| 044 | _aDEU | ||
| 080 | _a821.112.2 | ||
| 920 | _a3-416-00654-2 | ||
| 942 | _cKS | ||
| 008 | s gw f |000 0 ger | ||
| 999 |
_c50368 _d50368 |
||
| 856 |
_uhttp://koha.tu.koszalin.pl/cgi-bin/koha/opac-detail.pl?biblionumber=50368 _yKatalog online BPK |
||